[Event "National Open"]
[Site "followchess.com"]
[Date "2021.06.18"]
[Round "4"]
[White "8.07 Kaidanov, Gregory"]
[Black "Matviishen, Viktor"]
[Result "0-1"]
[WhiteElo "2549"]
[BlackElo "2512"]
[Annotator "Hansen"]
[PlyCount "64"]
[EventDate "2021.??.??"]
[SourceTitle "CL 08.2021"]
[SourceDate "2021.08.01"]
[SourceVersion "1"]
[SourceVersionDate "2021.08.01"]
[SourceQuality "1"]

{[%evp 0,64,19,31,23,-7,13,26,46,49,54,55,55,22,23,35,17,18,18,18,19,21,38,18,
19,17,13,4,22,28,13,32,20,19,17,12,16,-13,-13,-77,-121,-225,-217,-226,-209,
-168,-190,-189,-160,-168,-168,-234,-195,-494,-518,-1016,-1074,-1129,-1257,
-1264,-1278,-2423,-2463,-2858,-3278,-2858,-29988]} 1. d4 d5 2. c4 c6 3. Nc3 Nf6
4. e3 e6 5. Nf3 Nbd7 6. Be2 Bd6 7. O-O O-O 8. b3 b6 9. Bb2 Bb7 10. Bd3 c5 11.
cxd5 exd5 12. Qe2 a6 13. Rfd1 Qe7 14. Rac1 Rfe8 15. Bf5 Rad8 16. Rc2 b5 17.
dxc5 Nxc5 18. Rcd2 Ne6 19. Ra1 {[#]} d4 $1 20. Nxd4 ({An important alternative
is} 20. exd4 {, when Black continues} Bxf3 21. gxf3 (21. Qxf3 {runs into} Nxd4
$1 {and Black is winning because of the back rank mate.}) 21... Nd5 $3 22. Ne4
({or} 22. Nxd5 Qg5+ $1) 22... Bxh2+ 23. Kxh2 Qh4+ 24. Bh3 Nef4 25. Qf1 Re6 26.
Ng3 Rh6 {and Black is winning.}) 20... Nxd4 21. exd4 Bxh2+ 22. Kh1 ({Or} 22.
Kxh2 Qd6+ {, winning White's queen.}) 22... Qd6 23. Qd3 b4 24. Na4 Bf4 25. Rc2
Ne4 $1 {Black keep pouring fuel on the fire.} 26. Qh3 Ng5 27. Qh4 Bxg2+ $1 {
Boom!} 28. Kxg2 Qd5+ 29. Kf1 Qxf5 {Shockingly, Black is , despite he several
sacrifices up on material.} 30. Rc5 Qd3+ 31. Kg2 Qf3+ 32. Kf1 Nh3 {and White
resigned before he would get mated.} 0-1

[Event "National Open"]
[Site "followchess.com"]
[Date "2021.06.18"]
[Round "3"]
[White "8.08 Gareyev, Timur"]
[Black "Yoo, Christopher Woojin"]
[Result "1-0"]
[WhiteElo "2606"]
[BlackElo "2457"]
[Annotator "Hansen"]
[PlyCount "45"]
[EventDate "2021.??.??"]
[SourceTitle "CL 08.2021"]
[SourceDate "2021.08.01"]
[SourceVersion "1"]
[SourceVersionDate "2021.08.01"]
[SourceQuality "1"]

{[%evp 0,45,16,23,29,-14,3,-3,33,-16,16,7,10,5,5,12,17,3,60,50,94,51,71,59,20,
-1,96,33,51,-29,-44,-20,57,93,127,170,138,185,207,241,29981,29984,29985,29986,
29987,29988,29989,29990]} 1. d4 Nf6 2. c4 e6 3. Nc3 Bb4 4. Qc2 c5 5. dxc5 O-O
6. a3 Bxc5 7. Nf3 d5 8. Bg5 Be7 9. e3 Nc6 10. O-O-O Bd7 11. h4 Rc8 12. Kb1 a6
13. cxd5 Nxd5 14. Bd3 Nxc3+ 15. Qxc3 h6 {[#]} 16. Bc2 $3 {Clearing the
d3-square for the queen to create a double-threat on h7 and d7.} hxg5 ({
An important alternative is} 16... f5 {when White continues the attack in the
following fashion:} 17. Bb3 $1 hxg5 18. hxg5 {White's attack is direct and
building. The decisive strike does not come immediately but is coming for
certain.} Kf7 19. Rh7 Rg8 20. Qd3 Ke8 ({or} 20... Rc7 21. Qxf5+ Ke8 22. Qg6+
Kf8 23. Rh4 {and it is over for Black.}) 21. e4 {Opening files and diagonals
toward the black monarch.} Na5 22. exf5 Nxb3 23. Qxb3 Qc7 24. f6 gxf6 25. gxf6
Bxf6 26. Rdxd7 {and Black is finished.}) 17. hxg5 f5 18. gxf6 Bxf6 ({Or} 18...
Rxf6 19. Qd3 g6 20. Rh6 {and Black will not survive for long.}) 19. Qd3 Qb6 20.
Rh8+ $1 {Forcing mate.} Kf7 21. Ng5+ $1 (21. Qxd7+ {will also win for White
but the text move leads in a direct path to checkmate.}) 21... Bxg5 22. Qg6+
Ke7 23. Qxg7+ {and Black resigned; there is mate in a few moves.} 1-0

[Event "Superbet Classic 2021"]
[Site "Bucharest ROU"]
[Date "2021.06.13"]
[Round "8.4"]
[White "8.09 Deac, Bogdan-Daniel"]
[Black "Aronian, L."]
[Result "0-1"]
[WhiteElo "2627"]
[BlackElo "2781"]
[Annotator "Hansen"]
[PlyCount "124"]
[EventDate "2021.06.05"]
[EventType "tourn"]
[EventRounds "9"]
[EventCountry "ROU"]
[EventCategory "20"]
[SourceTitle "CL 08.2021"]
[SourceDate "2021.08.01"]
[SourceVersion "1"]
[SourceVersionDate "2021.08.01"]
[SourceQuality "1"]

{[%evp 0,124,19,31,72,53,68,48,79,46,64,56,43,32,32,6,77,68,68,46,58,44,56,43,
90,56,56,58,82,90,80,55,41,41,41,40,34,34,73,12,41,50,41,30,23,24,37,37,41,26,
50,41,26,26,0,-50,30,-8,-8,5,9,-7,-11,-39,-35,-55,-29,-47,-46,-32,-29,-4,-33,
-10,-18,-40,-37,-40,-43,-36,-65,-103,-98,-104,-101,-105,-100,-109,-99,-99,-95,
-124,-108,-101,-95,-101,-81,-166,-166,-166,-163,-164,-163,-180,-180,-175,-169,
-165,-165,-165,-162,-165,-165,-165,-165,-144,-60,-63,-1,-141,-117,-141,-397,
-447,-525,-602,-780]} 1. e4 c5 2. Nf3 d6 3. Bb5+ Nd7 4. d4 cxd4 5. Qxd4 a6 6.
Be2 Ngf6 7. O-O e6 8. Rd1 Be7 9. Nc3 Qc7 10. a4 O-O 11. a5 Rd8 12. Be3 Ng4 13.
Bg5 Ngf6 14. Qc4 Qxc4 15. Bxc4 b5 16. axb6 Nxb6 17. Be2 Bb7 18. Nd2 Rd7 19. Bd3
Rc7 20. f3 d5 21. Be3 dxe4 22. Ndxe4 Nfd5 23. Bd4 f6 24. b3 Kf7 25. Nxd5 Nxd5
26. Bc4 a5 27. c3 g5 28. Ra4 f5 29. Ng3 Bc5 30. Bxc5 Rxc5 31. Bxd5 Bxd5 32. c4
Bc6 33. Ra3 a4 34. Rda1 Rg8 35. bxa4 g4 36. f4 Rxc4 37. Ne2 Rb8 38. R3a2 Bd5
39. a5 Rcb4 40. Rd2 Rb2 41. Rad1 Rxd2 42. Rxd2 Ra8 43. Nc3 Rxa5 44. Kf2 Bc6 45.
Nd1 Ra4 46. g3 Ra1 47. Nb2 Rh1 48. Nd3 Rxh2+ 49. Ke3 Rxd2 50. Kxd2 Ke7 51. Ne5
Kd6 52. Ke3 Kd5 53. Kd3 Be8 54. Ke3 h5 55. Nd3 Kc4 56. Ne5+ Kc3 57. Nd3 h4 58.
gxh4 g3 59. Ne5 Bh5 60. Nd7 {[#]} e5 $1 ({But not} 60... Kc2 $4 61. Nf6 $1 Bd1
62. h5 e5 63. Nd5 $1 {and White saves himself}) ({Note that} 60... Bg4 61. Nf6
(61. Ne5 {Black has to play} Bh5 {when} ({whereas} 61... Bd1 62. Nf3 $1 g2 63.
Ng1 {leads to a draw.}) 62. Nd7 e5 {leads to the game continuation}) 61... e5
$1 62. Nxg4 exf4+ 63. Kf3 fxg4+ 64. Kg2 Kd4 {also wins for Black, but}) 61.
Nxe5 Kc2 $1 62. Nd3 Kd1 {White is in zugzwang and resigned. If the knight
moves then Black has ...Ke1 followed by ...Kf1 and promotion of the g-pawn.}
0-1